000 00344nam a2200133Ia 4500
005 20260328101509.0
008 260328s9999||||xx |||||||||||||| ||und||
100 _aFerrand, Marylene
245 0 _aLe Corbusier :
_b The Quartiers Modernes Fruges /
_cMarylene Ferrand
260 _bBasel
300 _a142 p.
650 _aARQUITECTOS
942 _cBK
999 _c9122
_d9122